[Event "Porto Sant Elpidio op 20th"]
[Site "Porto Sant Elpidio"]
[Date "2017.11.25"]
[Round "2.1"]
[White "Miandro, Steven"]
[Black "Bruno, Fabio"]
[Result "0-1"]
[WhiteElo "1975"]
[BlackElo "2429"]
[PlyCount "108"]
[EventDate "2017.11.24"]
[EventType "swiss"]
[EventRounds "5"]
[EventCountry "ITA"]
[SourceTitle "EXT 2024"]
[Source "ChessBase"]
[SourceDate "2023.10.10"]
[SourceVersion "1"]
[SourceVersionDate "2023.10.10"]
[SourceQuality "1"]

1. d4 Nf6 2. Nf3 e6 3. c4 b6 4. a3 Ba6 5. Qc2 Bb7 6. Nc3 c5 7. e4 cxd4 8. Nxd4 d6 9. Be2 Nbd7 10. 0-0 a6 11. Be3 Rc8 12. f3 Qc7 13. Qd2 Be7 14. Rac1 Qb8 15. Rfd1 0-0 16. b4 Rfe8 17. Nb3 Bf8 18. Bf1 Ne5 19. Na4 Nfd7 20. Qf2 Nxc4 21. Bxc4 b5 22. Bf1 bxa4 23. Na5 Nf6 24. Nxb7 Qxb7 25. Rxc8 Rxc8 26. Rc1 d5 27. Rxc8 Qxc8 28. exd5 Nxd5 29. Bd4 Qc6 30. Qe2 Nc7 31. Qc4 Qd7 32. Bf2 Nb5 33. Qc1 g6 34. Be2 Bg7 35. Kh1 h5 36. Qd1 Qxd1+ 37. Bxd1 Bb2 38. Bxa4 Bxa3 39. Be1 Kf8 40. Kg1 Ke7 41. Kf2 Kd6 42. Ke3 Nc7 43. Kd4 Bb2+ 44. Kc4 Nd5 45. Kb3 Be5 46. g3 Bd4 47. b5 axb5 48. Bxb5 g5 49. h3 Be5 50. Be2 f5 51. Kc2 Bf6 52. Kd3 h4 53. Kd2 Bc3+ 54. Kd1 Ne3+ 0-1

[Event "Porto San Giorgio op"]
[Site "Porto San Giorgio"]
[Date "2017.08.30"]
[Round "8"]
[White "Miandro, Steven"]
[Black "Calandri, Fausto"]
[Result "1-0"]
[WhiteElo "1943"]
[BlackElo "2091"]
[PlyCount "81"]
[EventDate "2017.08.23"]
[EventType "swiss"]
[EventRounds "9"]
[EventCountry "ITA"]
[SourceTitle "CBM 180 Extra"]
[Source "ChessBase"]
[SourceDate "2017.10.06"]
[SourceVersion "1"]
[SourceVersionDate "2017.10.06"]
[SourceQuality "1"]

1. d4 Nf6 2. Nf3 e6 3. c4 b6 4. a3 Ba6 5. Qc2 Bb7 6. Nc3 c5 7. e4 cxd4 8. Nxd4 Bc5 9. Nb3 Nc6 10. Bf4 0-0 11. Rd1 Rc8 12. Nxc5 bxc5 13. Bd6 Nd4 14. Qd3 Qa5 15. Bxc5 Qxc5 16. Qxd4 Qxd4 17. Rxd4 e5 18. Rd1 Nxe4 19. Nxe4 Bxe4 20. Rxd7 a5 21. f3 Bc6 22. Rd2 e4 23. fxe4 Bxe4 24. h4 a4 25. Rh3 f5 26. Rc3 Rc5 27. Kf2 Re8 28. Be2 Re7 29. Bd1 Bc6 30. Bf3 Kf7 31. Rd6 Bb7 32. Rb6 Bc8 33. Bd5+ Ke8 34. Rb4 Bd7 35. Rb8+ Bc8 36. Ra8 Kd7 37. Rxa4 Kd6 38. b4 Rcc7 39. Bf3 f4 40. Ra5 Re3 41. c5+ 1-0

[Event "Porto San Giorgio op"]
[Site "Porto San Giorgio"]
[Date "2017.08.23"]
[Round "1"]
[White "Pasini, Nicolo"]
[Black "Miandro, Steven"]
[Result "1-0"]
[WhiteElo "2175"]
[BlackElo "1943"]
[PlyCount "127"]
[EventDate "2017.08.23"]
[EventType "swiss"]
[EventRounds "9"]
[EventCountry "ITA"]
[SourceTitle "CBM 180 Extra"]
[Source "ChessBase"]
[SourceDate "2017.10.06"]
[SourceVersion "1"]
[SourceVersionDate "2017.10.06"]
[SourceQuality "1"]

1. d4 Nf6 2. Nf3 g6 3. Nc3 d5 4. Bf4 Bg7 5. e3 0-0 6. Be2 Nbd7 7. Nb5 Ne8 8. c4 c6 9. Nc3 Ndf6 10. 0-0 Nd6 11. Bxd6 Qxd6 12. c5 Qc7 13. b4 Bg4 14. Ne5 Bxe2 15. Nxe2 Nd7 16. Nd3 e5 17. Rb1 e4 18. Ndf4 g5 19. Nh5 f5 20. Nc3 Nf6 21. b5 f4 22. Nxf6+ Rxf6 23. Qg4 h6 24. bxc6 bxc6 25. Rb3 Raf8 26. Rfb1 Qa5 27. Qd1 Qa6 28. Rb8 fxe3 29. Rxf8+ Rxf8 30. fxe3 Qc8 31. Qe2 Qd7 32. a3 Qc8 33. Na2 Kh7 34. Rf1 Rxf1+ 35. Qxf1 Qb7 36. Nb4 Qd7 37. Qa6 Qg4 38. Qf1 Qd7 39. Qa6 Qg4 40. Nxc6 Qd1+ 41. Qf1 Qb3 42. Qc1 g4 43. Ne7 Bf6 44. Nf5 Bd8 45. Ng3 Bc7 46. c6 Kg6 47. Ne2 Kh7 48. Qc3 Qd1+ 49. Kf2 Qh1 50. Qc5 Qxh2 51. Qe7+ Kh8 52. Qe8+ Kh7 53. Qd7+ Kh8 54. Qc8+ Kh7 55. Qxg4 Ba5 56. Qf5+ Kh8 57. Qe5+ Qxe5 58. dxe5 Kg7 59. Nc3 Kf7 60. Nxd5 Ke6 61. c7 Kd7 62. Kg3 Bd2 63. Kf4 Bc1 64. e6+ 1-0

[Event "Ancona Ascoli Province-ch"]
[Site "Porto Sant Elpidio"]
[Date "2016.01.30"]
[Round "3"]
[White "Foglia, Maurizio"]
[Black "Miandro, Steven"]
[Result "1/2-1/2"]
[WhiteElo "2090"]
[BlackElo "1881"]
[PlyCount "88"]
[EventDate "2016.01.29"]
[EventType "swiss"]
[EventRounds "5"]
[EventCountry "ITA"]
[SourceTitle "EXT 2018"]
[Source "ChessBase"]
[SourceDate "2017.10.13"]
[SourceVersion "1"]
[SourceVersionDate "2017.10.13"]
[SourceQuality "1"]

1. d4 Nf6 2. Bg5 g6 3. Bxf6 exf6 4. e3 d5 5. Nd2 Bd6 6. Ne2 0-0 7. c4 dxc4 8. Nxc4 Be7 9. Nc3 c6 10. a4 Be6 11. Be2 Na6 12. 0-0 Nb4 13. Ne4 Rb8 14. a5 f5 15. Nc5 Bc8 16. Qb3 Nd5 17. Rfd1 Qc7 18. Rdc1 Nf6 19. Ne5 Bxc5 20. Rxc5 Ne4 21. Rc2 Be6 22. Bc4 Bxc4 23. Qxc4 Qd6 24. a6 c5 25. Nf3 b6 26. g3 Rbc8 27. Rac1 Rc7 28. Qe2 Rfc8 29. dxc5 Rxc5 30. Rxc5 Rxc5 31. Rd1 Qc7 32. Nd4 Rc1 33. Rxc1 Qxc1+ 34. Kg2 Qc8 35. b4 Nd6 36. Qa2 Kg7 37. Qd5 Qc7 38. h4 h5 39. Nb5 Nxb5 40. Qxb5 Qe7 41. Kg1 Qe4 42. Qd7 Qb1+ 43. Kh2 Qf1 44. Qxa7 Qxf2+ 1/2-1/2

[Event "Porto Sant Elpidio op 18th"]
[Site "Porto Sant Elpidio"]
[Date "2015.11.22"]
[Round "2"]
[White "Miandro, Steven"]
[Black "Sagripanti, Michele"]
[Result "1/2-1/2"]
[WhiteElo "1861"]
[BlackElo "2153"]
[PlyCount "30"]
[EventDate "2015.11.21"]
[EventType "swiss"]
[EventRounds "6"]
[EventCountry "ITA"]
[SourceTitle "EXT 2018"]
[Source "ChessBase"]
[SourceDate "2017.10.13"]
[SourceVersion "1"]
[SourceVersionDate "2017.10.13"]
[SourceQuality "1"]

1. d4 d6 2. c4 e5 3. Nf3 Nc6 4. Nc3 Bg4 5. d5 Nb8 6. e4 Nd7 7. Be3 Be7 8. Be2 Ngf6 9. 0-0 0-0 10. h3 Bh5 11. b4 Ne8 12. Nd2 Bxe2 13. Qxe2 Bg5 14. Rac1 g6 15. c5 Bxe3 1/2-1/2

[Event "Fermo Province-ch"]
[Site "Fermo"]
[Date "2013.02.02"]
[Round "4"]
[White "Miandro, Steven"]
[Black "Guglielmi, Dante"]
[Result "0-1"]
[WhiteElo "1871"]
[BlackElo "1917"]
[PlyCount "74"]
[EventDate "2013.01.19"]
[EventType "swiss"]
[EventRounds "6"]
[EventCountry "ITA"]
[SourceTitle "EXT 2014"]
[Source "ChessBase"]
[SourceDate "2013.11.20"]
[SourceVersion "1"]
[SourceVersionDate "2013.11.20"]
[SourceQuality "1"]

1. d4 d5 2. c4 e6 3. Nc3 Nf6 4. cxd5 exd5 5. Bg5 Nbd7 6. e3 Be7 7. Qc2 0-0 8. Bd3 c5 9. Nf3 b6 10. 0-0 Bb7 11. h3 Ne4 12. Bf4 Ndf6 13. Rfd1 Rc8 14. dxc5 Rxc5 15. Qb3 Nxc3 16. bxc3 Qc8 17. Rac1 Ne4 18. Be5 Qf5 19. Bd4 Rc6 20. Rc2 Rh6 21. Nh2 Qe6 22. Ng4 Rh5 23. c4 Nc5 24. Bxc5 Bxc5 25. cxd5 Bxd5 26. Bc4 Bxc4 27. Qxc4 Qxc4 28. Rxc4 Rf5 29. Rc2 Bb4 30. Rc7 Ra5 31. Rdd7 h5 32. Nh2 Rxa2 33. Nf3 a5 34. Ne5 Rd2 35. Rxf7 Rxf7 36. Nxf7 a4 37. Ng5 Rd1+ 0-1

[Event "Porto San Giorgio Weekend 15th"]
[Site "Porto San Giorgio"]
[Date "2012.11.18"]
[Round "2"]
[White "Medorini, Massimiliano"]
[Black "Miandro, Steven"]
[Result "1-0"]
[WhiteElo "1859"]
[BlackElo "1861"]
[PlyCount "88"]
[EventDate "2012.11.17"]
[EventType "swiss"]
[EventRounds "6"]
[EventCountry "ITA"]
[SourceTitle "EXT 2014"]
[Source "ChessBase"]
[SourceDate "2013.11.20"]
[SourceVersion "1"]
[SourceVersionDate "2013.11.20"]
[SourceQuality "1"]

1. c4 e5 2. Nc3 Nf6 3. Nf3 Nc6 4. e3 Be7 5. d4 exd4 6. exd4 d5 7. cxd5 Nxd5 8. Bb5 0-0 9. h3 Bb4 10. Bd2 Re8+ 11. Ne2 Bd7 12. 0-0 Bxd2 13. Qxd2 Qf6 14. Nc3 Nxc3 15. Qxc3 Qg6 16. d5 Nb8 17. Bxd7 Nxd7 18. Qxc7 Nb6 19. Rad1 Rad8 20. Qxb7 Rd7 21. Qc6 Qf5 22. d6 Rc8 23. Nd4 Qf6 24. Rfe1 h6 25. Qe4 Rxd6 26. Nf5 Rxd1 27. Rxd1 Kh8 28. Ne7 Rf8 29. b3 g6 30. Nc6 a6 31. Qb4 Rc8 32. Qxb6 Qxc6 33. Rd8+ Kh7 34. Qxc6 Rxc6 35. Ra8 Kg7 36. Kf1 Re6 37. b4 Kf6 38. a4 Ke5 39. Ke2 Kd4+ 40. Kd2 Kc4 41. Rb8 h5 42. b5 axb5 43. axb5 Kc5 44. Kd3 Rd6+ 1-0

[Event "Porto San Giorgio op 23rd"]
[Site "Porto San Giorgio"]
[Date "2011.08.25"]
[Round "6"]
[White "Tribuiani, Renato"]
[Black "Miandro, Steven"]
[Result "1-0"]
[WhiteElo "2029"]
[BlackElo "1834"]
[PlyCount "98"]
[EventDate "2011.08.21"]
[EventType "swiss"]
[EventRounds "9"]
[EventCountry "ITA"]
[SourceTitle "CBM 144 Extra"]
[Source "ChessBase"]
[SourceDate "2011.10.28"]
[SourceVersion "1"]
[SourceVersionDate "2011.10.28"]
[SourceQuality "1"]

1. d4 Nf6 2. Nc3 g6 3. e4 d6 4. Be2 Bg7 5. Be3 0-0 6. Qd2 c6 7. h4 b5 8. Bf3 h5 9. Bh6 e5 10. dxe5 dxe5 11. Qxd8 Rxd8 12. Bg5 Be6 13. Nge2 Na6 14. 0-0 Rd7 15. a3 Rad8 16. Rad1 Rxd1 17. Rxd1 Rxd1+ 18. Nxd1 Nb8 19. b4 Ne8 20. Be3 a6 21. Nb2 Nd7 22. Nd3 Nd6 23. Nb2 Nf6 24. Nc3 Nc4 25. Nxc4 Bxc4 26. Bd1 Ne8 27. f3 Bf8 28. Nb1 Kg7 29. Nd2 Be6 30. c3 Be7 31. g3 Nd6 32. Bc5 Kf8 33. Kf2 Nc4 34. Bxe7+ Kxe7 35. Nxc4 Bxc4 36. g4 Kf6 37. Ke3 Ba2 38. gxh5 gxh5 39. f4 exf4+ 40. Kxf4 Kg6 41. Ke5 Be6 42. Bc2 Bg4 43. Kf4 Kf6 44. e5+ Ke7 45. Be4 Kd7 46. Bf5+ Bxf5 47. Kxf5 Ke7 48. Kg5 Ke6 49. Kxh5 Kxe5 1-0

[Event "Porto San Giorgio op 23rd"]
[Site "Porto San Giorgio"]
[Date "2011.08.23"]
[Round "3"]
[White "Miandro, Steven"]
[Black "Allegranti, Luca"]
[Result "1/2-1/2"]
[WhiteElo "1834"]
[BlackElo "2025"]
[PlyCount "50"]
[EventDate "2011.08.21"]
[EventType "swiss"]
[EventRounds "9"]
[EventCountry "ITA"]
[SourceTitle "CBM 144 Extra"]
[Source "ChessBase"]
[SourceDate "2011.10.28"]
[SourceVersion "1"]
[SourceVersionDate "2011.10.28"]
[SourceQuality "1"]

1. d4 f5 2. g3 Nf6 3. Bg2 g6 4. Nf3 Bg7 5. 0-0 0-0 6. c4 d6 7. Nc3 Qe8 8. d5 a5 9. Be3 Na6 10. Qc1 Nc5 11. Rd1 Ng4 12. Bf4 h6 13. h3 g5 14. Bxg5 hxg5 15. hxg4 fxg4 16. Nd4 Qf7 17. Qe3 Bd7 18. Rf1 Qf6 19. Rad1 Qe5 20. Qxe5 Bxe5 21. Ne4 Nxe4 22. Bxe4 Rf6 23. b3 Kg7 24. Kg2 Raf8 25. e3 Rh6 1/2-1/2

[Event "Porto San Giorgio op 23rd"]
[Site "Porto San Giorgio"]
[Date "2011.08.21"]
[Round "1"]
[White "Miandro, Steven"]
[Black "Rago, Riccardo"]
[Result "1/2-1/2"]
[WhiteElo "1834"]
[BlackElo "2065"]
[PlyCount "87"]
[EventDate "2011.08.21"]
[EventType "swiss"]
[EventRounds "9"]
[EventCountry "ITA"]
[SourceTitle "CBM 144 Extra"]
[Source "ChessBase"]
[SourceDate "2011.10.28"]
[SourceVersion "1"]
[SourceVersionDate "2011.10.28"]
[SourceQuality "1"]

1. d4 d5 2. c4 c6 3. Nf3 e6 4. Nc3 Nf6 5. Bg5 Be7 6. e3 Nbd7 7. Bd3 dxc4 8. Bxc4 b5 9. Bd3 Bb7 10. 0-0 a6 11. Rc1 Rc8 12. Ne4 Nxe4 13. Bxe7 Qxe7 14. Bxe4 Nf6 15. Bd3 c5 16. dxc5 Rxc5 17. Rxc5 Qxc5 18. Be2 0-0 19. Qc1 Rc8 20. Qxc5 Rxc5 21. Rd1 g6 22. h3 Rc2 23. Rd2 Rc7 24. Nd4 Bd5 25. a3 e5 26. Rc2 Ne8 27. Rxc7 Nxc7 28. Nc2 f6 29. Nb4 Bb7 30. Kf1 Kf7 31. g3 Ke6 32. Ke1 Kd6 33. Kd2 a5 34. Nc2 Be4 35. Bd3 Bc6 36. h4 Ne6 37. Kc3 Nc5 38. b4 Na4+ 39. Kd2 axb4 40. axb4 Nb6 41. Na3 Nd5 42. Bxb5 Nxb4 43. Bxc6 Nxc6 44. Kd3 1/2-1/2

[Event "Fermo Province-ch"]
[Site "Porto Sant Elpidio"]
[Date "2011.01.30"]
[Round "5"]
[White "Giobbi, Costantino"]
[Black "Miandro, Steven"]
[Result "1/2-1/2"]
[WhiteElo "1894"]
[BlackElo "1827"]
[PlyCount "77"]
[EventDate "2011.01.22"]
[EventType "swiss"]
[EventRounds "6"]
[EventCountry "ITA"]
[SourceTitle "EXT 2012"]
[Source "ChessBase"]
[SourceDate "2011.11.24"]
[SourceVersion "1"]
[SourceVersionDate "2011.11.24"]
[SourceQuality "1"]

1. e4 c5 2. Nf3 d6 3. d4 cxd4 4. Nxd4 Nf6 5. Nc3 a6 6. f4 e5 7. Nf3 Nbd7 8. a4 Be7 9. Bd3 0-0 10. 0-0 Nc5 11. Kh1 exf4 12. Bxf4 Bg4 13. Qe1 Bh5 14. Nh4 Bg6 15. Nxg6 hxg6 16. Bc4 Rc8 17. b3 Nh5 18. Be3 Bf6 19. Rd1 Bxc3 20. Qxc3 Nxe4 21. Qd3 Nhf6 22. Bd4 d5 23. Bxf6 Nxf6 24. Qf3 Qb6 25. Bd3 Rfe8 26. Qf4 Qc7 27. h3 Qxf4 28. Rxf4 Re7 29. Rd4 Rce8 30. Kg1 Re1+ 31. Rxe1 Rxe1+ 32. Kf2 Re7 33. Rb4 Kf8 34. Be2 Ne4+ 35. Kf3 Nd2+ 36. Kf2 Ne4+ 37. Kf3 Nd2+ 38. Kf2 Ne4+ 39. Kf3 1/2-1/2

[Event "Fermo Province-ch"]
[Site "Porto Sant Elpidio"]
[Date "2011.01.23"]
[Round "3"]
[White "Rinaudo, Andrea"]
[Black "Miandro, Steven"]
[Result "1-0"]
[WhiteElo "2090"]
[BlackElo "1827"]
[PlyCount "83"]
[EventDate "2011.01.22"]
[EventType "swiss"]
[EventRounds "6"]
[EventCountry "ITA"]
[SourceTitle "EXT 2012"]
[Source "ChessBase"]
[SourceDate "2011.11.24"]
[SourceVersion "1"]
[SourceVersionDate "2011.11.24"]
[SourceQuality "1"]

1. e4 c5 2. Nf3 d6 3. Bb5+ Bd7 4. Bxd7+ Qxd7 5. c4 Nf6 6. Nc3 e6 7. d4 cxd4 8. Nxd4 Be7 9. Be3 0-0 10. 0-0 Nc6 11. f3 a6 12. Rc1 Rac8 13. b3 Nxd4 14. Bxd4 b5 15. cxb5 axb5 16. Qd3 Rb8 17. a4 bxa4 18. bxa4 Rb3 19. Qc4 Rbb8 20. Nb5 Rfc8 21. Qd3 Ne8 22. Rfd1 Rxc1 23. Rxc1 Rc8 24. Rxc8 Qxc8 25. Qc3 Qb7 26. Kf2 h6 27. Ke3 e5 28. Ba7 Bg5+ 29. Ke2 Be7 30. Be3 Kh7 31. Qc4 Bf8 32. a5 Nf6 33. Nc3 Qb2+ 34. Bd2 Qb7 35. a6 Qb6 36. Be3 Qb2+ 37. Kd3 Qxg2 38. Qa2 Qf1+ 39. Qe2 Qa1 40. a7 Qa6+ 41. Kc2 Qc8 42. Qb5 1-0

[Event "Senigallia op 5th"]
[Site "Senigallia"]
[Date "2010.08.02"]
[Round "1"]
[White "Mandolini, Riccardo"]
[Black "Miandro, Steven"]
[Result "1/2-1/2"]
[WhiteElo "2101"]
[BlackElo "1841"]
[PlyCount "122"]
[EventDate "2010.08.02"]
[EventType "swiss"]
[EventRounds "7"]
[EventCountry "ITA"]
[SourceTitle "CBM 137 Extra"]
[Source "ChessBase"]
[SourceDate "2010.09.01"]
[SourceVersion "1"]
[SourceVersionDate "2010.09.01"]
[SourceQuality "1"]

1. Nc3 Nf6 2. e4 d6 3. d4 g6 4. Nf3 Bg7 5. h3 0-0 6. Be3 Nbd7 7. e5 Ne8 8. Bc4 Nb6 9. Bb3 d5 10. Qd2 c6 11. 0-0-0 Nc7 12. Bh6 Nb5 13. Ne2 Nc4 14. Bxc4 dxc4 15. Bxg7 Kxg7 16. Qb4 Be6 17. Nf4 a5 18. Nxe6+ fxe6 19. Qxc4 Nc7 20. Rd2 Qd7 21. Ng5 b5 22. Qf1 Nd5 23. Ne4 a4 24. Nc5 Qc8 25. Qd3 a3 26. c3 axb2+ 27. Rxb2 Ra3 28. Nb3 Nb6 29. Re1 Nc4 30. Ree2 Nxb2 31. Rxb2 Qd7 32. Qe4 Qd5 33. Qxd5 exd5 34. f3 Rfa8 35. Kb1 Rb8 36. Rc2 Ra4 37. Kb2 Rba8 38. Kb1 Kf7 39. Ka1 Ra3 40. Kb1 g5 41. Nc5 e6 42. Ka1 Ke7 43. Kb1 Rb8 44. Nd3 Kd7 45. Kb2 Rba8 46. Kb1 Ke7 47. Ka1 Kd7 48. Nc5+ Ke7 49. Kb1 Rb8 50. Nd3 Kd7 51. Kc1 Rba8 52. Nb4 Kc7 53. Kb1 Kd7 54. Kb2 Kc7 55. Kb1 Kd7 56. Nd3 Ke7 57. Nb4 Kd7 58. Kb2 Kc7 59. Rf2 R3a7 60. Kb1 Ra3 61. Rc2 Kd7 1/2-1/2

[Event "EU-ch U16 19th"]
[Site "Fermo"]
[Date "2009.08.31"]
[Round "1"]
[White "Hartl, Daniel"]
[Black "Miandro, Steven"]
[Result "1-0"]
[WhiteElo "2249"]
[BlackElo "1878"]
[PlyCount "55"]
[EventDate "2009.08.31"]
[EventType "swiss"]
[EventRounds "9"]
[EventCountry "ITA"]
[SourceTitle "CBM 132 Extra"]
[Source "ChessBase"]
[SourceDate "2009.11.03"]
[SourceVersion "1"]
[SourceVersionDate "2009.11.03"]
[SourceQuality "1"]

1. e4 c5 2. Nf3 d6 3. d4 cxd4 4. Nxd4 Nf6 5. Nc3 a6 6. Bg5 Nbd7 7. f4 b5 8. Qf3 Bb7 9. 0-0-0 Rc8 10. Bd3 Qb6 11. Nb3 e6 12. Rhe1 Be7 13. Qh3 Nc5 14. Nxc5 Qxc5 15. e5 dxe5 16. fxe5 Nd7 17. Bf4 Nb6 18. Ne4 Bxe4 19. Rxe4 Nd5 20. Bd2 b4 21. Rc4 Qxc4 22. Bxc4 Rxc4 23. Qb3 Nb6 24. Be3 Rc6 25. Bxb6 Rxb6 26. Qa4+ Kf8 27. Qa5 Rb8 28. Rd7 1-0

[Event "Senigallia Perini Memorial 3rd"]
[Site "Senigallia"]
[Date "2009.08.08"]
[Round "8"]
[White "Miandro, Steven"]
[Black "Vinciguerra, Marco"]
[Result "1/2-1/2"]
[WhiteElo "1878"]
[BlackElo "2037"]
[PlyCount "87"]
[EventDate "2009.08.01"]
[EventType "swiss"]
[EventRounds "9"]
[EventCountry "ITA"]
[SourceTitle "EXT 2010"]
[Source "ChessBase"]
[SourceDate "2010.11.25"]
[SourceVersion "1"]
[SourceVersionDate "2010.11.25"]
[SourceQuality "1"]

1. d4 g6 2. c4 Bg7 3. Nc3 Nf6 4. e4 d6 5. f3 0-0 6. Be3 c6 7. Qd2 e5 8. d5 Qe7 9. 0-0-0 Ne8 10. Kb1 f5 11. Nge2 a6 12. Nc1 Bd7 13. Nb3 c5 14. Bg5 Qf7 15. Be3 Qe7 16. Bg5 Bf6 17. Be3 Nc7 18. Nxc5 b5 19. Nxd7 Qxd7 20. c5 f4 21. Bf2 b4 22. Ne2 Qa4 23. cxd6 Nb5 24. Bc5 Nd7 25. Bxb4 a5 26. Bc3 Rfc8 27. Ka1 Rab8 28. b3 Qa3 29. Bb2 Qxd6 30. Rc1 Nc5 31. Nc3 Nd4 32. Bc4 Rxb3 33. Na4 Re3 34. Nxc5 Rxc5 35. Bd3 Be7 36. Rxc5 Qxc5 37. Rc1 Qb6 38. Qc3 Bb4 39. Qc8+ Bf8 40. Bc4 Kg7 41. Qd7+ Kh6 42. Qh3+ Kg7 43. Qd7+ Kh6 44. Bd3 1/2-1/2

[Event "Porto Sant Elpidio op-B 11th"]
[Site "Porto Sant Elpidio"]
[Date "2008.11.30"]
[Round "6"]
[White "Miandro, Steven"]
[Black "Acciaioli, Fabio"]
[Result "1/2-1/2"]
[WhiteElo "1605"]
[BlackElo "1765"]
[PlyCount "42"]
[EventDate "2008.11.22"]
[EventType "swiss"]
[EventRounds "6"]
[EventCountry "ITA"]
[SourceTitle "EXT 2011"]
[Source "ChessBase"]
[SourceDate "2010.11.26"]
[SourceVersion "1"]
[SourceVersionDate "2010.11.26"]
[SourceQuality "1"]

1. d4 Nf6 2. c4 g6 3. Nc3 d5 4. cxd5 Nxd5 5. e4 Nxc3 6. bxc3 c5 7. Bc4 Bg7 8. Ne2 0-0 9. Be3 Nc6 10. 0-0 Qc7 11. Rc1 Rd8 12. Qd2 e6 13. Rfd1 a6 14. a4 b6 15. h4 Ne5 16. Bd3 Ng4 17. Bf4 e5 18. Bg5 f6 19. f3 c4 20. Qa2 Be6 21. d5 Qc5+ 1/2-1/2

[Event "Porto Sant Elpidio op-B 11th"]
[Site "Porto Sant Elpidio"]
[Date "2008.11.30"]
[Round "5"]
[White "Silvestri, Giorgio"]
[Black "Miandro, Steven"]
[Result "0-1"]
[WhiteElo "1784"]
[BlackElo "1605"]
[PlyCount "66"]
[EventDate "2008.11.22"]
[EventType "swiss"]
[EventRounds "6"]
[EventCountry "ITA"]
[SourceTitle "EXT 2011"]
[Source "ChessBase"]
[SourceDate "2010.11.26"]
[SourceVersion "1"]
[SourceVersionDate "2010.11.26"]
[SourceQuality "1"]

1. d4 Nf6 2. c4 g6 3. Nc3 Bg7 4. e4 d6 5. f3 0-0 6. Be3 e5 7. Qd2 c6 8. 0-0-0 Nbd7 9. g4 a6 10. d5 cxd5 11. Nxd5 Ne8 12. g5 b5 13. c5 dxc5 14. Bxc5 Nxc5 15. Nf6+ Bxf6 16. Qxd8 Bxd8 17. Rxd8 Bb7 18. Rxa8 Bxa8 19. b4 Nxe4 20. Nh3 N4d6 21. Be2 Nf5 22. Rd1 Nd4 23. Kd2 Nxf3+ 24. Bxf3 Bxf3 25. Rc1 Ng7 26. Ke3 Ba8 27. Rc7 Nf5+ 28. Kf2 e4 29. Nf4 e3+ 30. Ke1 Rd8 31. Ra7 Bf3 32. Ne2 Bxe2 33. Kxe2 Rd2+ 0-1

[Event "Porto Sant Elpidio op-B 11th"]
[Site "Porto Sant Elpidio"]
[Date "2008.11.22"]
[Round "1"]
[White "Miandro, Steven"]
[Black "Balzano, Filli"]
[Result "1/2-1/2"]
[WhiteElo "1605"]
[BlackElo "1777"]
[PlyCount "76"]
[EventDate "2008.11.22"]
[EventType "swiss"]
[EventRounds "6"]
[EventCountry "ITA"]
[SourceTitle "EXT 2011"]
[Source "ChessBase"]
[SourceDate "2010.11.26"]
[SourceVersion "1"]
[SourceVersionDate "2010.11.26"]
[SourceQuality "1"]

1. d4 c6 2. c4 d5 3. Nf3 Nf6 4. cxd5 cxd5 5. Nc3 Nc6 6. Bf4 Bf5 7. e3 e6 8. Bd3 Bxd3 9. Qxd3 Qb6 10. Qc2 Qa6 11. Rd1 Nb4 12. Qb1 Rc8 13. a3 Nc6 14. Qd3 Qxd3 15. Rxd3 Na5 16. Nd2 Nc4 17. Nxc4 Rxc4 18. 0-0 Be7 19. Rc1 0-0 20. Ne2 Rxc1+ 21. Nxc1 Rc8 22. Rd1 Rc2 23. Nd3 Ne4 24. h3 Rd2 25. Rxd2 Nxd2 26. f3 Nc4 27. e4 dxe4 28. fxe4 Bf6 29. e5 Bd8 30. Kf2 Bb6 31. Be3 Kf8 32. Kf3 Ke7 33. Ke4 Kd7 34. Bc1 f5+ 35. exf6 Nd6+ 36. Ke5 Nc4+ 37. Ke4 Nd6+ 38. Ke5 Nc4+ 1/2-1/2

[Event "Porto Sant Elpidio op U16 9th"]
[Site "Porto Sant Elpidio"]
[Date "2006.11.26"]
[Round "5"]
[White "Gasparini, Diletta"]
[Black "Miandro, Steven"]
[Result "1-0"]
[WhiteElo "1431"]
[BlackElo "1497"]
[PlyCount "59"]
[EventDate "2006.11.18"]
[EventType "swiss"]
[EventRounds "6"]
[EventCountry "ITA"]
[SourceTitle "EXT 2011"]
[Source "ChessBase"]
[SourceDate "2010.11.26"]
[SourceVersion "1"]
[SourceVersionDate "2010.11.26"]
[SourceQuality "1"]

1. e4 c5 2. Nf3 d6 3. d4 cxd4 4. Qxd4 Nf6 5. e5 Nfd7 6. Bb5 Nc6 7. Bxc6 bxc6 8. Bf4 Qb6 9. exd6 exd6 10. Qxb6 Nxb6 11. Nbd2 Be7 12. 0-0-0 Nd5 13. Bg3 Bf5 14. c3 c5 15. Nc4 Be6 16. Nxd6+ Bxd6 17. Bxd6 Nf6 18. Rhe1 Kd7 19. Be5+ Kc6 20. Rd6+ Kb5 21. Bxf6 gxf6 22. b3 Rad8 23. Red1 Rxd6 24. Rxd6 Rg8 25. g3 Rg4 26. Nd2 h5 27. f3 Rg6 28. f4 h4 29. f5 Bxf5 30. a4+ 1-0

[Event "Porto Sant Elpidio op U16 9th"]
[Site "Porto Sant Elpidio"]
[Date "2006.11.26"]
[Round "6"]
[White "Miandro, Steven"]
[Black "Illuminati Petrella, Daniele"]
[Result "0-1"]
[WhiteElo "1497"]
[BlackElo "1458"]
[PlyCount "70"]
[EventDate "2006.11.18"]
[EventType "swiss"]
[EventRounds "6"]
[EventCountry "ITA"]
[SourceTitle "EXT 2011"]
[Source "ChessBase"]
[SourceDate "2010.11.26"]
[SourceVersion "1"]
[SourceVersionDate "2010.11.26"]
[SourceQuality "1"]

1. d4 Nf6 2. c4 d6 3. Nc3 g6 4. e4 Bg7 5. f3 Nbd7 6. Be3 c6 7. Qd2 0-0 8. 0-0-0 Qa5 9. Kb1 Rb8 10. g4 b5 11. cxb5 cxb5 12. Bxb5 Rxb5 13. Nxb5 Qxb5 14. Ne2 Bb7 15. Rc1 Rb8 16. Ng3 Ba6 17. Rc3 Nb6 18. Rhc1 Rc8 19. Rxc8+ Bxc8 20. Rc7 a5 21. Qc2 Ba6 22. Rc3 a4 23. h4 d5 24. e5 Nfd7 25. h5 Nc4 26. Bf4 e6 27. hxg6 fxg6 28. Nf1 Bf8 29. Qh2 Na3+ 30. Ka1 Qxf1+ 31. Rc1 Qxf3 32. bxa3 Bxa3 33. Bh6 Bxc1 34. Bxc1 Qc3+ 35. Bb2 Qe1+ 0-1

[Event "Porto Sant Elpidio op U16 9th"]
[Site "Porto Sant Elpidio"]
[Date "2006.11.18"]
[Round "1"]
[White "Giampieri, Stefano"]
[Black "Miandro, Steven"]
[Result "0-1"]
[WhiteElo "1410"]
[BlackElo "1497"]
[PlyCount "56"]
[EventDate "2006.11.18"]
[EventType "swiss"]
[EventRounds "6"]
[EventCountry "ITA"]
[SourceTitle "EXT 2011"]
[Source "ChessBase"]
[SourceDate "2010.11.26"]
[SourceVersion "1"]
[SourceVersionDate "2010.11.26"]
[SourceQuality "1"]

1. e4 c5 2. Nf3 d6 3. b3 Nf6 4. Nc3 g6 5. d4 cxd4 6. Nxd4 Bg7 7. Bb2 0-0 8. Bc4 Nc6 9. Nde2 Ne5 10. Bd5 Nxd5 11. Nxd5 a6 12. Nef4 b5 13. Qd2 Nf3+ 14. gxf3 Bxb2 15. Rb1 Bg7 16. a4 Bh6 17. Ra1 e5 18. axb5 exf4 19. Qd3 Bb7 20. bxa6 Bxd5 21. exd5 Qb6 22. Kd2 Qxf2+ 23. Kc3 Bg7+ 24. Kb4 Bxa1 25. Rxa1 Qc5+ 26. Ka4 Rfb8 27. Qc4 Qxc4+ 28. bxc4 Rxa6# 0-1